000
00320nam a22001337a 4500
999
_c
13216
_d
13216
020
_a
9781743769843
082
_a
658
100
_a
Kinicki, Scott-Ladd, Perry
245
_a
Management: A Practical Introduction
250
_a
2nd
260
_a
Australia
_b
McGraw-Hill
_c
2018
300
_a
624 pages
942
_c
MANAGEMENT